DINAMICA DE GRUPOS: INICIACION A SU ESPIRITU Y A ALGUNAS DE SUS TECNICAS/

TRADUCCION DE: DINAMYQUE DES GROUPES

محفوظ في:
التفاصيل البيبلوغرافية
المؤلف الرئيسي: Aubry, Jean-Marie (autor)
مؤلفون آخرون: Saint-Arnaud, Yves (autor) (autor)
التنسيق: كتاب
سلاسل:DESARROLLO SOCIAL
الموضوعات:
الوسوم: إضافة وسم
لا توجد وسوم, كن أول من يضع وسما على هذه التسجيلة!

MARC

LEADER 00000nam^a2200000^a^4500
001 000215602
005 20250521000000.0
009 20260310103631.466
035 |a 037045 
037 |a Acervo Xavier Clavigero 
082 |a 616. 89152  |b AUB 
100 |a Aubry, Jean-Marie  |e (autor) 
245 1 0 |a DINAMICA DE GRUPOS:  |b INICIACION A SU ESPIRITU Y A ALGUNAS DE SUS TECNICAS/  |c JEAN-MARIE AUBRY, YVES SAINT-ARNAUD; TR. LUIS PEREZ MARTINEZ 
264 |a MADRID :  |b EURAMERICA,  |c 1965 
300 |a 99p. :  |b tbs. 
336 |a texto  |b txt  |2 rdacontenido 
337 |a sin mediación  |b n  |2 rdamedio 
338 |a volumen  |b nc  |2 rdasoporte 
440 |a DESARROLLO SOCIAL 
520 |a TRADUCCION DE: DINAMYQUE DES GROUPES 
520 |a INCLUYE BIBLIOGRAFIA 
649 |a XX 
650 |a PSICOTERAPIA DE GRUPO 
700 |a Saint-Arnaud, Yves  |e (autor) 
910 |a Fondo General 
920 |a Impresos - Libros 
930 |a Colección General 
905 |a 101 
901 |a 037045  |b IT1  |c ACC  |i 037045  |u 20250521 
902 |a https://opac.biblio.iteso.mx/vufind/Record/000215602